00338cam a2200121 i 4500020001700000082001500017100002600032245004100058260004700099300002600146500002000172650002400192 a0850921058 :00a658.31/2451 aMacLennan, Alexander.10aEducating and training technicians / aLondon :bCommonwealth Secretariat,c1975. a[8], 136 p. :bill. ; aIncludes index. 0aTechnical education